The Tawhidic approach in management and public administration : concept,principles and an alternative model

Bibliographic Details
Main Author: Mohd Affandi Hassan
Format: Book
Published: Kuala Lumpur : INTAN , 1992
Subjects:

MARC

LEADER 00000cam a2200000 7i4500
001 0000002821
002 000003052
005 20000330.0
020 |a 9679933164 
090 0 0 |a M 297.1975   |b MOH 
100 0 |a Mohd Affandi Hassan 
245 1 4 |a The Tawhidic approach in management and public administration :   |b concept,principles and an alternative model   |c Mohd Affandi Hassan 
260 |a Kuala Lumpur :   |b INTAN ,   |c 1992 
300 |a 102 p. ;   |c 23 cm. 
650 0 0 |a Management   |x Religious aspects   |x Islam 
650 0 0 |a Public administration   |z Malaysia 
650 0 0 |a Tauhid (Islam) 
999 |a 036425   |b BUKU   |c RUJUKAN   |e PERPUSTAKAAN KOMUNITI PETALING JAYA